000
00256nam a2200097Ia 4500
001
689177
005
20250826161629.0
008
250824s9999 xx 000 0 und d
245
0
_a
SENİN BAŞARI SERÜVENİN
_c
BORA SERHAT ÇELİK
260
_b
TİMAŞ YAYINLARI
999
_c
689177
_d
689177